000 00348nam a22001337a 4500
008 171207b xxu||||| |||| 00| 0 eng d
020 _a9780767402736
041 _aeng
080 _a32
100 _a20
101 _aPOL
245 _aMAYFIELD QUIK VIEW GUIDE TO THE INTERNET FOR STUDENTS THE HUMANITIES
_cHODGES.J.A
942 _2udc
_cBK
999 _c38804
_d38804